=LDR 00000nam 2200000 4500 =001 000966 =005 20250712015400 =035 ##$$a 0010-0725000845 =007 ta =008 250712################a##########0#ind## =020 ##$$a 978-623-472035-8 =082 ##$$a 398.209 598 =084 ##$$a 398.209 598 LOC p =100 1#$$a Loc nguyen =245 1#$$a Pai lezat harimau /$c Nguyen tran thien loc =250 ##$$a Cetakan pertama =260 ##$$a Rawamangun :$b Badan pengembangan dan pembinaan bahasa,$c 2022 =300 ##$$a 40 hlm. : $b Ilus. ; $c 22,9 cm. =650 #4$$a Cerita anak indonesia-terjemahan =650 #4$$a Literasi-bahan bacaan